Photography : (Record no. 18834)
[ view plain ]
| 000 -LEADER | |
|---|---|
| fixed length control field | 01206cam a22003017a 4500 |
| 005 - DATE AND TIME OF LATEST TRANSACTION | |
| control field | 20230705145457.0 |
| 008 - FIXED-LENGTH DATA ELEMENTS--GENERAL INFORMATION | |
| fixed length control field | 110125s2012 maua b 001 0 eng d |
| 010 ## - LIBRARY OF CONGRESS CONTROL NUMBER | |
| LC control number | 2011921513 |
| 020 ## - INTERNATIONAL STANDARD BOOK NUMBER | |
| ISBN | 9780495897804 |
| 020 ## - INTERNATIONAL STANDARD BOOK NUMBER | |
| ISBN | 0495897809 |
| 035 ## - SYSTEM CONTROL NUMBER | |
| System control number | (OCoLC)ocn664675263 |
| 040 ## - CATALOGING SOURCE | |
| Original cataloging agency | BTCTA |
| Language of cataloging | eng |
| Transcribing agency | BTCTA |
| Modifying agency | S9I |
| -- | DLC |
| 042 ## - AUTHENTICATION CODE | |
| Authentication code | lccopycat |
| 082 04 - DEWEY DECIMAL CLASSIFICATION NUMBER | |
| Classification number | 771 |
| Edition number | 21 |
| Item number | WAR-P |
| 100 1# - MAIN ENTRY--AUTHOR | |
| Author Name | Warren, Bruce |
| Fuller form of name | (Bruce E.) |
| 245 10 - TITLE STATEMENT | |
| Title | Photography : |
| Remainder of title | the concise guide / |
| Statement of responsibility, etc. | Bruce Warren. |
| 250 ## - EDITION STATEMENT | |
| Edition statement | 2nd ed. |
| 260 ## - PUBLICATION, DISTRIBUTION, ETC. | |
| Place of Publication | Boston, MA : |
| Name of publisher, distributor, etc. | Wadsworth/Cengage Learning, |
| Date of publication, distribution, etc. | c2012. |
| 300 ## - PHYSICAL DESCRIPTION | |
| Pages | x, 254 p. : |
| 504 ## - BIBLIOGRAPHY, ETC. NOTE | |
| Bibliography, etc. note | Includes bibliographical references (p. 241-242) and index. |
| 650 #0 - SUBJECT ADDED ENTRY--TOPICAL TERM | |
| Subject / Department | Photography. |
| 300 ## - PHYSICAL DESCRIPTION | |
| -- | ill. (some col.) ; |
| -- | 28 cm. |
| 856 42 - | |
| -- | Contributor biographical information |
| -- | http://www.loc.gov/catdir/enhancements/fy1303/2011921513-b.html |
| 856 42 - | |
| -- | Publisher description |
| -- | http://www.loc.gov/catdir/enhancements/fy1303/2011921513-d.html |
| 856 41 - | |
| -- | Table of contents only |
| -- | http://www.loc.gov/catdir/enhancements/fy1303/2011921513-t.html |
| 906 ## - LOCAL DATA ELEMENT F, LDF (RLIN) | |
| a | 7 |
| b | cbc |
| c | copycat |
| d | 2 |
| e | ncip |
| f | 20 |
| g | y-gencatlg |
| 952 ## - LOCATION AND ITEM INFORMATION (KOHA) | |
| -- | 0 |
| -- | 0 |
| Lost status | Damaged status | Permanent Location | Current Location | Shelving Location | Date acquired | Full Call Number | Accession No./Barcode | Date last seen | item type |
|---|---|---|---|---|---|---|---|---|---|
| Superior Information Resource Center (SIRC) Superior University- Gold Campus | Superior Information Resource Center (SIRC) Superior University- Gold Campus | Photography | 07/05/2023 | 771 WAR-P 2012 | 19398 | 07/05/2023 | BOOK |
